| 000 | 00879nam a2200265 i 4500 | ||
|---|---|---|---|
| 001 | 000031231 | ||
| 003 | DO-SdBNP | ||
| 005 | 20241129094443.0 | ||
| 007 | ta | ||
| 008 | 110615nuuuuuuuudr 000 | spa d | ||
| 040 |
_aDO-SdBNP _bspa _cBNPHU _erda |
||
| 041 | _hspa | ||
| 082 |
_axxx _bA948v _222 |
||
| 100 | 1 |
_aAvelino , Francisco Antonio, _d1935- _eautor _955440 |
|
| 245 | 1 | 0 |
_aVisión Hostosiana de la sociedad dominicana / _cFrancisco Antonio Avelino García. |
| 264 |
_aSanto Domingo : _bMuseo del Hombre Dominicano, _cfecha no determinada |
||
| 300 |
_a17 páginas ; _c21 cm. |
||
| 336 |
_ardacontent _btexto _2txt |
||
| 337 |
_ardanedia _bsin mediación _2n |
||
| 338 |
_ardacarrier _bvolumen _2nc |
||
| 490 | 1 |
_aCiclo de conferencias pensamiento dominicano _v2 |
|
| 830 | 0 |
_aCiclo de conferencias pensamiento dominicano; _n2 _957700 |
|
| 910 | _aDG | ||
| 942 |
_2ddc _cLF2 |
||
| 999 |
_c30723 _d30723 |
||